| Tag |
First Indicator |
Second Indicator |
Subfields |
| LEADER |
00000cam a2200000 a 4500 |
| 001 |
in00002786667 |
| 005 |
20211120170335.0 |
| 006 |
m o d f |
| 007 |
cr cn||||||||| |
| 008 |
121106s2011 ohua ob f000 0 eng c |
| 035 |
|
|
|a (OCoLC)ocn816100881
|
| 040 |
|
|
|a GPO
|c GPO
|d GPO
|d MvI
|d UtOrBLW
|
| 042 |
|
|
|a pcc
|
| 043 |
|
|
|a n-us---
|
| 049 |
|
|
|a WWW
|
| 074 |
|
|
|a 0431-Y (online)
|
| 086 |
0 |
|
|a EP 11.2:IN 2/2
|
| 088 |
|
|
|a EPA 600/R-11/013
|
| 245 |
0 |
0 |
|a Industrial contractors supplies, Inc. surface dust guard with diamond wheel for radiological decontamination.
|
| 264 |
|
1 |
|a Cincinnati, OH :
|b U.S. Environmental Protection Agency, National Homeland Security Research Center, Office of Research and Development,
|c [2011]
|
| 300 |
|
|
|a 1 online resource (ix, pages 16) :
|b color illustrations
|
| 336 |
|
|
|a text
|b txt
|2 rdacontent
|
| 337 |
|
|
|a computer
|b c
|2 rdamedia
|
| 338 |
|
|
|a online resource
|b cr
|2 rdacarrier
|
| 490 |
1 |
|
|a Technology evaluation report
|
| 500 |
|
|
|a Title from PDF title screen (viewed November 6, 2012).
|
| 500 |
|
|
|a "EPA 600/R-11/013."
|
| 500 |
|
|
|a "May 2011."
|
| 504 |
|
|
|a Includes bibliographical references (page 16).
|
| 500 |
|
|
|a Electronic resource.
|
| 650 |
|
0 |
|a Radioactive decontamination
|x Research
|z United States.
|
| 710 |
2 |
|
|a National Homeland Security Research Center (U.S.)
|
| 710 |
1 |
|
|a United States.
|b Environmental Protection Agency.
|
| 830 |
|
0 |
|a Technology evaluation report.
|
| 856 |
4 |
0 |
|u https://purl.fdlp.gov/GPO/gpo30957
|t 0
|
| 999 |
|
|
|a MARS
|
| 999 |
f |
f |
|s 4fa75eac-78f3-352b-bbc4-8e23ffc86c48
|i 5cd09a76-4665-31df-8e78-6b49582cebdf
|t 0
|
| 952 |
f |
f |
|a Texas A&M University
|b College Station
|c Electronic Resources
|d Available Online
|t 0
|e EP 11.2:IN 2/2
|h Superintendent of Documents classification
|
| 998 |
f |
f |
|a EP 11.2:IN 2/2
|t 0
|l Available Online
|